Statistics for Top 10 Pittsburgh Pirates of All-Time

Click here to take the quiz!

General Stats

  • This quiz has been taken 1,458 times
  • The average score is 4 of 10

Answer Stats

WARYearsPositionAnswer% Correct
80.61955-1972OFRoberto Clemente
91%
127.21900-1917SSHonus Wagner
84%
62.91962-19821B/OFWillie Stargell
76%
48.41986-1992OFBarry Bonds
68%
72.31926-1940OFPaul Waner
30%
64.61932-1941SSArky Vaughan
17%
60.01951-1965PBob Friend
11%
50.91900-1915OFFred Clarke
7%
57.91910-1926OFMax Carey
7%
50.11907-1926PBabe Adams
5%

Score Distribution

Percentile by Number Answered

Percent of People with Each Score

Your Score History

You have not taken this quiz